<?xml version="1.0" encoding="UTF-8"?>
<record
    xmlns:xsi="http://www.w3.org/2001/XMLSchema-instance"
    xsi:schemaLocation="http://www.loc.gov/MARC21/slim http://www.loc.gov/standards/marcxml/schema/MARC21slim.xsd"
    xmlns="http://www.loc.gov/MARC21/slim">

  <leader>01301nam a2200265   4500</leader>
  <controlfield tag="001">113832</controlfield>
  <controlfield tag="003">DR-UNIBE</controlfield>
  <controlfield tag="005">20250708152312.0</controlfield>
  <controlfield tag="008">250707b        |||||||| |||| 00| 0 spa d</controlfield>
  <datafield tag="020" ind1=" " ind2=" ">
    <subfield code="a">9789945468649</subfield>
  </datafield>
  <datafield tag="040" ind1=" " ind2=" ">
    <subfield code="a">BIBLIOTECA UNIBE</subfield>
    <subfield code="b">spa</subfield>
    <subfield code="c">BIBLIOTECA UNIBE</subfield>
    <subfield code="e">rda</subfield>
  </datafield>
  <datafield tag="041" ind1=" " ind2=" ">
    <subfield code="a">spa</subfield>
  </datafield>
  <datafield tag="082" ind1=" " ind2=" ">
    <subfield code="2">22</subfield>
    <subfield code="a"> RD 372.7 T233ap</subfield>
  </datafield>
  <datafield tag="100" ind1=" " ind2="0">
    <subfield code="a">Taveras de Fr&#xED;as, Reyita</subfield>
    <subfield code="e">autor</subfield>
    <subfield code="e">editor</subfield>
    <subfield code="9">112251</subfield>
  </datafield>
  <datafield tag="245" ind1="1" ind2="0">
    <subfield code="a">Aprendamos matem&#xE1;tica: </subfield>
    <subfield code="b">tercer grado /</subfield>
    <subfield code="c">Reyita Taveras de Fr&#xED;as</subfield>
  </datafield>
  <datafield tag="250" ind1=" " ind2=" ">
    <subfield code="a">Primera edici&#xF3;n</subfield>
  </datafield>
  <datafield tag="260" ind1=" " ind2=" ">
    <subfield code="a"> Santo Domingo:</subfield>
    <subfield code="b"> Alfa y Omega, </subfield>
    <subfield code="c">2006</subfield>
  </datafield>
  <datafield tag="300" ind1=" " ind2=" ">
    <subfield code="a">173 p&#xE1;ginas :</subfield>
    <subfield code="b">ilustraciones a color :</subfield>
    <subfield code="c">27 x 21 cm</subfield>
  </datafield>
  <datafield tag="500" ind1=" " ind2=" ">
    <subfield code="a">Informaci&#xF3;n sobre el autor al final de la obra, comentario de la misma en la contraportada</subfield>
  </datafield>
  <datafield tag="504" ind1=" " ind2=" ">
    <subfield code="a">Incluye bibliograf&#xED;a</subfield>
  </datafield>
  <datafield tag="505" ind1=" " ind2=" ">
    <subfield code="a">Presentaci&#xF3;n |
Unidad 1. Conjunto de los n&#xFA;meros naturales |
Unidad 2. Sistema de numeraci&#xF3;n decimal |
Unidad 3. N&#xFA;meros ordinales |
Unidad 4. Sistema de numeraci&#xF3;n romano |
Unidad 5. Operaciones matem&#xE1;ticas con n&#xFA;meros naturales |
Unidad 6. Las fracciones |
Unidad 7. Nuestro sistema monetario |
Unidad 8. Geometr&#xED;a
</subfield>
  </datafield>
  <datafield tag="650" ind1=" " ind2="7">
    <subfield code="2">lemb</subfield>
    <subfield code="a"> Matem&#xE1;tica </subfield>
    <subfield code="x"> Ense&#xF1;anza</subfield>
    <subfield code="x"> Educaci&#xF3;n primaria</subfield>
    <subfield code="9">197176</subfield>
  </datafield>
  <datafield tag="710" ind1="1" ind2="0">
    <subfield code="a">Editora Alfa y Omega</subfield>
    <subfield code="9">197045</subfield>
    <subfield code="e">dise&#xF1;ador</subfield>
    <subfield code="e">diagramador</subfield>
  </datafield>
  <datafield tag="942" ind1=" " ind2=" ">
    <subfield code="2">ddc</subfield>
    <subfield code="c">BK</subfield>
  </datafield>
  <datafield tag="999" ind1=" " ind2=" ">
    <subfield code="c">113832</subfield>
    <subfield code="d">113832</subfield>
  </datafield>
  <datafield tag="952" ind1=" " ind2=" ">
    <subfield code="0">0</subfield>
    <subfield code="1">0</subfield>
    <subfield code="2">ddc</subfield>
    <subfield code="7">0</subfield>
    <subfield code="8">GEN-RD</subfield>
    <subfield code="a">Principal</subfield>
    <subfield code="d">2025-05-07</subfield>
    <subfield code="l">0</subfield>
    <subfield code="o"> RD 372.7 T233ap</subfield>
    <subfield code="p">250693</subfield>
    <subfield code="r">2025-07-07 09:39:09</subfield>
    <subfield code="t">Ej. 1</subfield>
    <subfield code="w">2025-07-07</subfield>
    <subfield code="y">BK</subfield>
  </datafield>
</record>
